| 000 | 00500nam a2200169 i 4500 | ||
|---|---|---|---|
| 001 | 62489 | ||
| 003 | ES-MaACL | ||
| 005 | 20230906164658.0 | ||
| 007 | t| | ||
| 008 | 031121s1960 sp ||||1| spa d | ||
| 100 | 1 |
_aFernández Ferrer, Julián. _949781 |
|
| 245 | 1 | 0 |
_aEnciclopedia de la física / _cpor Julián Fernández Ferrer. |
| 250 | _a[1ª ed.]. | ||
| 260 |
_aBarcelona : _bGassó, _c[1960] ( _fSocitra) |
||
| 300 |
_a370 p. 1 lám. : _bil. ; _c20 cm. |
||
| 852 |
_aES-MaACL _jC-19857 _bR.47685 |
||
| 999 |
_c62489 _d62489 |
||